Chanson disney « Ou est la vrai vie » - Statistiques

Statistiques générales
  • Ce quiz a été pris 2 611 fois
  • Le résultat moyen est 153 sur 181
Statistiques - réponses
Hint Réponse % Correct
3 | 12 | 22 | +10 others je
99%
20 | 31 | 173 Je
99%
100 m’
99%
109 | 171 d’
98%
90 | 112 | 163 de
98%
17 | 29 | 71 | +2 others la
98%
4 | 67 | 138 me
98%
6 | 26 | 38 | +10 others et
97%
136 | 152 Et
97%
8 | 14 | 115 il
97%
48 | 69 | 133 | 146 ou
97%
155 s’
97%
128 ma
96%
108 rêve
95%
1 Sept
95%
36 sept
95%
73 vie.
95%
151 vie ?
95%
72 | 150 vrai
95%
70 est
94%
2 | 37 heures
94%
16 que
94%
166 A
93%
68 | 139 | 141 | +2 others demande
93%
9 fait
93%
44 livre
93%
54 ne
93%
5 réveille
93%
43 un
93%
116 en
92%
42 lis
92%
56 qu’a
92%
19 brille.
91%
10 clair.
91%
114 couleur
91%
7 dehors
91%
15 faut
91%
18 maison
91%
147 se
91%
161 le
90%
33 chaque
89%
47 deux
89%
50 | 111 J’ajoute
89%
35 jusqu’a
89%
57 moi.
89%
32 nettoie
89%
30 poussière.
89%
49 trois.
89%
46 même
88%
39 quart.
88%
53 qui
88%
34 placard
87%
58 | 102 Puis
87%
51 | 64 quelques
86%
59 | 76 | 160 c’est
85%
28 chasse
84%
52 couleurs
84%
40 | 121 Ensuite
84%
55 plaisent
84%
119 | 174 suis
84%
123 | 125 | 127 brosse
82%
117 manque
82%
129 chevelure.
81%
23 frotte
81%
118 j’en
81%
61 tricot
81%
65 fois
80%
120 sure.
80%
99 pascal
79%
148 cache
78%
130 Dans
78%
60 guitare
78%
164 mon
78%
165 anniversaire
77%
131 | 169 cette
77%
162 jour
77%
110 aventure.
76%
157 les
76%
154 soir
76%
62 gateau
75%
158 lumières
75%
175 plus
75%
105 mes
74%
104 relis
74%
134 j’ai
73%
11 Vite
73%
135 grandi.
72%
106 livres
72%
87 mat.
72%
153 demain
70%
101 epate.
70%
132 prison
70%
180 y
70%
181 aller.
69%
21 cire
68%
80 cookies.
68%
172 été ?
67%
167 quoi
67%
170 soirée
67%
176 grande
66%
179 pouvoir
66%
13 balaie
65%
85 echecs
65%
25 range
64%
168 ressemble
64%
74 Après
63%
93 bougies.
63%
94 Gymnastique
63%
95 arts
62%
178 dois
62%
96 plastiques
61%
156 élèvent
60%
159 Comme
59%
83 danse
59%
91 marionnettes
59%
75 midi
59%
89 théâtre
56%
84 classique
54%
78 fléchettes
54%
82 maché
53%
81 Papier
53%
97 corde
51%
88 Poterie
44%
77 puzzles
41%
Aucun quiz correspondant
Distribution des résultats
% des personnes avec chaque résultat
Percentile par nombre de réponses
Votre historique - résultats
Vous n’avez pas pris ce quiz